La Lluita contra la mosca de l'oliva / per August Matons
Publicado:
Barcelona :
Mancomunitat de Catalunya, Serveis Tècnics d'Agricultura, Servei d'Arbres Fruiters ,
1922
Descripción Física:
21 p. ; 21 cm
Otros Autores:
Catalunya. Mancomunitat. Servei d'Arbres Fruiters
Materias:
Oliveres -- Malalties i plagues
MARC
| LEADER | 00000nam a2200000Ia 4500 | ||
|---|---|---|---|
| 001 | 8222 | ||
| 008 | 160829s1922 xx 000 0 cat d | ||
| 080 | |a RF-1-42 | ||
| 100 | |a Matons, August |9 20130 | ||
| 245 | |a La Lluita contra la mosca de l'oliva / per August Matons | ||
| 250 | |a 2a ed. | ||
| 260 | |a Barcelona : |b Mancomunitat de Catalunya, Serveis Tècnics d'Agricultura, Servei d'Arbres Fruiters, |c 1922 | ||
| 300 | |a 21 p. ; |c 21 cm | ||
| 650 | |a Oliveres |x Malalties i plagues |9 25085 | ||
| 700 | |a Catalunya. Mancomunitat. Servei d'Arbres Fruiters |9 20132 | ||
| 856 | 4 | |u https://media.diba.cat/diba/fitxers/arxiu/fulletons/bib_8222_baixa.pdf |y Accés lliure | |
| 856 | 4 | |u https://media.diba.cat/diba/fitxers/arxiu/fulletons/bib_8222_baixa.pdf |y Accés lliure | |
| 901 | |a Arxiu | ||
| 942 | |n 1 |2 udc | ||
| 952 | |0 0 |1 0 |4 0 |6 RF142 |7 1 |9 43440 |a Arxiu |b Arxiu |d 2016-12-01 |l 0 |o RF-1-42 |p 8222 |r 2016-12-01 00:00:00 |w 2016-12-01 |y ARXIU | ||
| 999 | |c 45986 |d 45986 | ||
| 900 | |a bib_8222_baixa.pdf | ||